Le passioni fragili (Record n. 357722)
[ formato base ]
| 000 -LEADER | |
|---|---|
| campo di controllo lung. fissa | nam a22 7a 4500 |
| 003 - Identificatore del numero di controllo | |
| campo di controllo | IT-MiCISF |
| 005 - Data e orario dell'ultima transazione | |
| campo di controllo | 20180108154501.0 |
| 008 - Elementi di lunghezza fissa--Informazione generale | |
| campo di controllo lung. fissa | 180108b xxu||||| |||| 00| 0 eng d |
| 040 ## - Fonte della catalogazione | |
| Agenzia che fa la trascrizione | IT-MiCISF |
| 041 ## - Codice di lingua | |
| Codice di lingua del testo/traccia sonora o titolo separato | it |
| 100 ## - Accesso principale -- nome di persona | |
| Nome di persona | Borgna Eugenio |
| 9 (RLIN) | 56702 |
| 245 ## - Formulazione del titolo | |
| Titolo | Le passioni fragili |
| 260 ## - Pubblicazione, distribuzione, ecc. (stampa) | |
| Luogo di pubblicazione, distribuzione, ecc. | Milano |
| Nome dell'editore, distributore, ecc. | Feltrinelli |
| Data di pubblicazione, distribuzione, ecc. | 2017 |
| 300 ## - Descrizione fisica | |
| Estensione | pp. 238 |
| 500 ## - Nota generale | |
| Nota generale | persona, dolore, sofferenza, adolescenza, salute-mentale, cultura, psichiatria |
| 520 ## - Riassunto, ecc. | |
| Nota di riassunto, ecc. | Perché gli adolescenti sono tristi? Da che cosa deriva il loro senso perenne di inadeguatezza nei confronti del mondo che li circonda? Come si articolano, e come si confrontano, esperienze psicopatologiche ed esperienze creative? Sappiamo riconoscere il valore umano della malattia? Queste e altre domande articolano la riflessione dell’A. sulle passioni fragili che appartengono alla nostra vita e alla nostra crescita, percorrendo il tema del dolore, della malattia dell’anima nell’infanzia e nell’adolescenza, ma distinguendo una condizione depressiva, che sarebbe meglio chiamare malinconia, o tristezza vitale, da quella che ha dimensioni psicopatologiche radicalmente più profonde. |
| 650 ## - Accesso aggiunto di soggetto--termine topico | |
| Termine topico o nome geografico come accesso | persona |
| 9 (RLIN) | 56046 |
| 654 ## - Accesso aggiunto di soggetto--termini topici faccettati | |
| Termine principale | saggio |
| 942 ## - Dati aggiuntivi (Koha) | |
| Fonte della classificazione o dello schema di collocazione (segnatura) | Dewey Decimal Classification |
| Tipo copia default (Koha) | LIBRO |
| Ritirato (status) | Perso (status) | Fonte della classificazione o dello schema di collocazione (segnatura) | Danneggiato (status) | Non per il presito | Biblioteca proprietaria | Biblioteca in cui si trova | Data d'acquisizione | Totale prestiti | Collocazione | Codice a barre | Data ultima operazione | Prezzo in vigore dal | Tipo copia default (Koha) |
|---|---|---|---|---|---|---|---|---|---|---|---|---|---|
| Dewey Decimal Classification | Buone Condizioni | Not For Loan | CISF - Milano | CISF - Milano | 08/01/2018 | b7417 | 9788807105296 | 08/01/2018 | 08/01/2018 | LIBRO |